000 00501nam a2200169Ia 4500
005 20250508151528.0
008 008 250505s9999 xx 000 0 hin d
037 _aBooks to be hide in OPAC
040 _aFEDL
_beng
_cFEDL
041 _ahin
_2hin
084 _a371.4, JLL
_qFEDL
245 0 _aBasic schoolo mein samajik vishya
260 _aAllahabad, India
_bGovernment Central Pedagogical Institute
_c1953
300 _a64p.
942 _cHB
_h371.4, JLL
999 _c1330377
_d1330377